| 000 | 01128nam a2200289 i 4500 | ||
|---|---|---|---|
| 001 | 189236 | ||
| 003 | SpMaBN | ||
| 005 | 20250904063111.0 | ||
| 008 | 190429s2003 sp c |||| |bspa d | ||
| 020 | _a84-8407-331-9 | ||
| 080 | _a929 Milleret de Brou, Marie Eugénie | ||
| 080 | _a271 Religiosas de la Asunción (091) | ||
| 100 | 1 |
_aLópez Pérez, Martina _9166922 |
|
| 245 | 1 | 0 |
_aVentana a la mujer _b: María Eugenia Milleret, pionera de la promoción femenina / _cMartina López, R.A. |
| 260 |
_aMadrid : _bEdibesa, _c2003. |
||
| 300 |
_a143, 15 p. : _b1 retr. ; _c21 cm. |
||
| 490 | 1 |
_aVida y misión ; _v90 |
|
| 504 | _aBibliografía: p. 143. | ||
| 597 | _aLas 15 p. últimas son de publicidad ed. de Edibesa. | ||
| 600 | 0 | 7 |
_aMaría Eugenia de Jesús _cBeata _c1817-1898. _9166923 |
| 610 | 2 | 7 |
_aReligiosas de la Asunción. _9166924 |
| 700 | 0 |
_aMaría Eugenia de Jesús, _cBeata _c1817-1898. _9166923 |
|
| 830 | 0 |
_aVida y misión ; _v90 _9225796 |
|
| 852 |
_aES-MaACL _jA-14525 _9196374 _bR.152079 _cDEPO1 _dOlim: N-7525 _hDonación: Editorial |
||
| 942 |
_2udc _cMONOGRAFIA |
||
| 999 |
_c189236 _d189236 |
||